Názory kolumbijských podnikov na environmentálne obchodné požiadavky Európskej únie (predbežný prieskum)
Saved in:
| Main Author: | |
|---|---|
| Format: | Book Chapter |
| Language: | Slovak |
| Tags: |
No Tags, Be the first to tag this record!
|
MARC
| LEADER | 00000naa$a2200000$$$4500 | ||
|---|---|---|---|
| 001 | 0314462 | ||
| 005 | 20260123090704.5 | ||
| 041 | 0 | |a slo | |
| 044 | |a SK | ||
| 245 | 1 | 0 | |a Názory kolumbijských podnikov na environmentálne obchodné požiadavky Európskej únie (predbežný prieskum) |c Sára Smolková |
| 100 | 1 | |a Smolková, Sára, 1998- | |